000 00679nam a22002177a 4500
005 20150514111236.0
008 140714b xxu||||| |||| 00| 0 Urdu d
010 _aUR-8900
020 _c200.00
_a8185772665
035 _aU-7455
037 _bBPPD/Pub/Ven
040 _aDPL
_bUrdu
082 _a841
100 _aا يس کے ۔گو يل ر ا ز
245 _aنو ا ۓ ر ا ز
_cا يس کے ۔گو يل ر ا ز
246 _a‏Nawa-e-Raz
_bBy S.K.Goel Raz
260 _bSaqi Book Depot
_c2013
_aDelhi
270 _a4157-A,Urdu Bazar,Jama Masjid,
_bDelhi
_k9899536815
_e110006
300 _a110ص
_c22Cm (Hb)
942 _2ddc
_cUR
_e
_h841
_mگ و ۓ
999 _c93566
_d93566